Central Library OPAC University of Rajshahi

Applied electronics and circuit design principles / (Record no. 53710)

MARC details
000 -LEADER
fixed length control field 00764nam a2200253 a 4500
001 - CONTROL NUMBER
control field 53710
003 - CONTROL NUMBER IDENTIFIER
rucl marc code BD-RjUL
005 - DATE AND TIME OF LATEST TRANSACTION
control field 20211209080016.0
008 - FIXED-LENGTH DATA ELEMENTS--GENERAL INFORMATION
fixed length control field 161024s1981 ii ||||| |||| 00| 0 eng d
020 ## - INTERNATIONAL STANDARD BOOK NUMBER
Terms of availability : IRs 27.50
035 ## - SYSTEM CONTROL NUMBER
System control number (BD-RjUL)53832
040 ## - CATALOGING SOURCE
Original cataloging agency BD-RjUL
Language of cataloging eng
Transcribing agency BD-RjUL
041 ## - LANGUAGE CODE
Language code of text/sound track or separate title eng
082 ## - DEWEY DECIMAL CLASSIFICATION NUMBER
Edition number 23
Classification number 621.38153
Author mark and year SIA 1981
100 1# - MAIN ENTRY--PERSONAL NAME
Personal name Singh, Anokh
9 (RLIN) 160497
245 10 - TITLE STATEMENT
Title Applied electronics and circuit design principles /
Statement of responsibility, etc. Anokh Singh
260 ## - PUBLICATION, DISTRIBUTION, ETC. (IMPRINT)
Place of publication, distribution, etc. Delhi :
Name of publisher, distributor, etc. Khanna Publishers,
Date of publication, distribution, etc. 1981.
300 ## - PHYSICAL DESCRIPTION
Pagination iv, 638 p. :
Illustrations ill. ;
Size 22 cm
500 ## - GENERAL NOTE
General note Includes Index
650 ## - SUBJECT ADDED ENTRY--TOPICAL TERM
Topical term or geographic name as entry element Electronic circuit design
9 (RLIN) 117196
Topical term or geographic name as entry element Electronics
9 (RLIN) 160498
Topical term or geographic name as entry element Linear integrated circuits--Design and construction
9 (RLIN) 160499
942 ## - ADDED ENTRY ELEMENTS (KOHA)
Source of classification or shelving scheme Dewey Decimal Classification
Koha item type Books
Holdings
Lost status Source of classification or shelving scheme Damaged status Not for loan Collection code Permanent Location Current Location Shelving location Date acquired Source of acquisition Cost, normal purchase price Total Checkouts Full call number Date last seen Copy number Koha item type
  Dewey Decimal Classification     Non-fiction Central Library, University of Rajshahi Central Library, University of Rajshahi   20/08/1984 A.B.C cal 27.00   621.38153 SIA 1981 24/10/2016 C-2 Books
  Dewey Decimal Classification   Not For Loan Non-fiction Central Library, University of Rajshahi Central Library, University of Rajshahi Reading Room 31/01/2019 Dhaka, A.B.A. Throush tulip 27.50   621.38153 SIA 1981 31/01/2019 C-1 Books